FCS Team Mascots - Statistics

General Stats
  • This quiz has been taken 256 times
  • The average score is 76 of 123
Answer Stats
Hint Answer % Correct
Brown | Central Arkansas | Mercer | +3 others Bears
94%
Alabama Agricultural & Mechanical | Bryant | Butler | +5 others Bulldogs
91%
Grambling State | Jackson State | Princeton | +3 others Tigers
91%
Bucknell | Howard | North Dakota State Bison
87%
Abeline Christian | Bethune-Cookman | Davidson | +3 others Wildcats
87%
Eastern Washington | Morehead State | North Carolina Central Eagles
84%
Columbia | North Alabama | Southeastern Louisiana Lions
83%
Montana Grizzlies
80%
Harvard Crimson
77%
South Dakota State Jackrabbits
76%
Eastern Illinois | Northern Iowa | Prairie View Agricultural & Mechanical Panthers
76%
Idaho Vandals
76%
Richmond Spiders
73%
Alabama State | Delaware State | Sacramento State Hornets
72%
Montana State Bobcats
69%
Dayton Flyers
67%
Monmouth Hawks
65%
Georgetown Hoyas
65%
Cornell Big Red
64%
Maine Black Bears
64%
Youngstown State Penguins
64%
Fordham | Rhode Island Rams
63%
Albany Great Danes
62%
Penn Quakers
61%
Incarnate Wood | Lamar Cardinals
60%
McNeese Cowboys
60%
Northern Arizona | Stephen F. Austin Lumberjacks
59%
Indiana State Sycamores
59%
Wofford Terriers
59%
California Davis | North Carolina Agricultural & Technical Aggies
58%
Dartmouth Big Green
57%
Murray State Racers
57%
Norfolk State Spartans
57%
Florida Agricultural & Mechanical Rattlers
56%
Southern Jaguars
54%
Hampton Pirates
54%
Idaho State Bengals
53%
Austin Peay Governors
53%
Long Island Sharks
53%
Central Connecticut Blue Devils
52%
Campbell Fighting Camels
52%
Illinois State Redbirds
52%
William & Mary Tribe
51%
Charleston Southern | East Tennesee State Buccaneers
50%
Holy Cross Crusaders
50%
Duquesne Dukes
50%
Stetson Hatters
49%
Cal Poly Mustangs
49%
Southern Illinois Salukis
49%
Eastern Kentucky | Nicholls Colonels
48%
Mississippi Valley State Delta Devils
48%
Furman Paladins
48%
Chattanooga Mocs
47%
South Dakota Coyotes
46%
Elon Phoenix
46%
Portland State Vikings
46%
Delaware Fightin' Blue Hens
45%
Houston Christian Huskies
45%
Colgate Raiders
45%
Arkansas-Pine Bluff Golden Lions
44%
Lafayette Leopards
43%
Western Illinois Leathernecks
42%
Virginia Military Keydets
39%
Southeast Missouri State Redhawks
39%
Stony Brook Seawolves
39%
Western Carolina Catamounts
38%
Wagner Seahawks
36%
Presbyterian Blue Hose
35%
Robert Morris Colonials
35%
Marist Red Foxes
35%
Tennessee Martin Skyhawks
35%
Northwestern State Demons
34%
Gardner-Webb Runnin' Bulldogs
34%
Alcorn State Braves
33%
North Dakota Fighting Hawks
33%
Tennessee Tech Golden Eagles
31%
Lehigh Mountain Hawks
28%
San Diego Toreros
28%
Tarleton Texans
27%
Southern Utah Thunderbirds
27%
Merrimack Warriors
25%
Sacred Heart Pioneers
24%
Saint Francis (PA) Red Flash
20%
Valparaiso Beacons
18%
Utah Tech Trailblazers
16%
No matching quizzes found
Score Distribution
Percent of People with Each Score
Percentile by Number Answered
Your Score History
You have not taken this quiz